Land etter bilde #3 - Statistics

General Stats
  • This quiz has been taken 66 times
  • The average score is 8 of 15
Answer Stats
Picture Answer % Correct
Forente stater
88%
Frankrike
80%
Nederland
76%
Spania
73%
Tanzania / Kenya
59%
Cuba
51%
Vatikanet
51%
Jordan
43%
Østerrike
43%
Ungarn
41%
Argentina
39%
Irland
33%
Kroatia
33%
Iran
25%
Taiwan
18%
No matching quizzes found
Score Distribution
Percent of People with Each Score
Percentile by Number Answered
Your Score History
You have not taken this quiz